[Event "Dortmund Sparkassen op-A 46th"]
[Site "Dortmund"]
[Date "2018.07.22"]
[Round "9"]
[White "Wagner, Alexej"]
[Black "Nalbandian, Tigran"]
[Result "0-1"]
[WhiteElo "2313"]
[BlackElo "2452"]
[PlyCount "96"]
[EventDate "2018.07.14"]
[EventType "swiss"]
[EventRounds "9"]
[EventCountry "GER"]
[SourceTitle "CBM 185 Extra"]
[Source "ChessBase"]
[SourceDate "2018.07.29"]
[SourceVersion "1"]
[SourceVersionDate "2018.07.29"]
[SourceQuality "1"]

1. d4 Nf6 2. c4 g6 3. Nc3 Bg7 4. e4 d6 5. Nf3 0-0 6. Be2 c5 7. d5 b5 8. cxb5 a6 9. b6 Qxb6 10. Nd2 Nbd7 11. Nc4 Qc7 12. Bf4 Nb6 13. Ne3 Bd7 14. a4 Rfb8 15. 0-0 Nc8 16. Nc4 Nb6 17. Ne3 Nc8 18. Nc4 Rb4 19. Rb1 Nb6 20. b3 Nxc4 21. Bxc4 Ng4 22. Bd2 Ne5 23. Be2 Rd4 24. Qc2 Rb8 25. f4 Ng4 26. Bxg4 Bxg4 27. h3 c4 28. hxg4 cxb3 29. Qd1 Rxd2 30. Qxd2 Bxc3 31. Qd3 b2 32. Rf3 Qc5+ 33. Kh2 Bd4 34. Qxa6 Qc2 35. Qd3 Qxa4 36. Qd2 g5 37. Kh3 Rb3 38. fxg5 Bc5 39. Qd1 Rb4 40. Qf1 Rxe4 41. Rxf7 Qb3+ 42. Rf3 Qxd5 43. Qa6 Kg7 44. Qc8 Rf4 45. Ra3 Rf2 46. Qa8 Qxa8 47. Rxa8 Rc2 48. Ra3 Rc1 0-1

[Event "Dortmund Sparkassen op-A 46th"]
[Site "Dortmund"]
[Date "2018.07.20"]
[Round "7"]
[White "Nalbandian, Tigran"]
[Black "Hausrath, Daniel"]
[Result "1/2-1/2"]
[WhiteElo "2452"]
[BlackElo "2495"]
[PlyCount "23"]
[EventDate "2018.07.14"]
[EventType "swiss"]
[EventRounds "9"]
[EventCountry "GER"]
[SourceTitle "CBM 185 Extra"]
[Source "ChessBase"]
[SourceDate "2018.07.29"]
[SourceVersion "1"]
[SourceVersionDate "2018.07.29"]
[SourceQuality "1"]

1. Nf3 c5 2. g3 g6 3. Bg2 Bg7 4. 0-0 Nc6 5. c3 Nf6 6. d4 cxd4 7. cxd4 d5 8. Nc3 0-0 9. Ne5 e6 10. Nxc6 bxc6 11. Bf4 Nd7 12. Rc1 1/2-1/2

[Event "Dortmund Sparkassen op-A 46th"]
[Site "Dortmund"]
[Date "2018.07.16"]
[Round "3"]
[White "Nalbandian, Tigran"]
[Black "Kartsev, Soel"]
[Result "1-0"]
[WhiteElo "2452"]
[BlackElo "2222"]
[PlyCount "63"]
[EventDate "2018.07.14"]
[EventType "swiss"]
[EventRounds "9"]
[EventCountry "GER"]
[SourceTitle "CBM 185 Extra"]
[Source "ChessBase"]
[SourceDate "2018.07.29"]
[SourceVersion "1"]
[SourceVersionDate "2018.07.29"]
[SourceQuality "1"]

1. Nf3 Nf6 2. g3 b6 3. Bg2 Bb7 4. d3 c5 5. e4 d6 6. 0-0 g6 7. a4 a6 8. Nbd2 Bg7 9. Nc4 Nbd7 10. Ng5 Qc7 11. Ne3 0-0 12. f4 e6 13. Bd2 b5 14. b3 h6 15. Nf3 d5 16. e5 Ne8 17. axb5 axb5 18. Rxa8 Bxa8 19. Qa1 Bc6 20. d4 f6 21. Bh3 Kh7 22. c3 fxe5 23. fxe5 Rxf3 24. Rxf3 Nxe5 25. Rf1 Nd3 26. Qb1 c4 27. Bxe6 Nf6 28. Rxf6 Bxf6 29. Nxd5 Bxd5 30. Bxd5 Qd7 31. bxc4 Qf5 32. Qf1 1-0

[Event "Yerevan op 2nd"]
[Site "Yerevan"]
[Date "2017.09.23"]
[Round "5"]
[White "Kursova, Maria"]
[Black "Nalbandian, Tigran"]
[Result "0-1"]
[WhiteElo "2280"]
[BlackElo "2455"]
[PlyCount "110"]
[EventDate "2017.09.19"]
[EventType "swiss"]
[EventRounds "9"]
[EventCountry "ARM"]
[SourceTitle "CBM 180 Extra"]
[Source "ChessBase"]
[SourceDate "2017.10.06"]
[SourceVersion "1"]
[SourceVersionDate "2017.10.06"]
[SourceQuality "1"]

1. d4 Nf6 2. Nf3 g6 3. c4 Bg7 4. g3 0-0 5. Bg2 d6 6. Nc3 c6 7. 0-0 Bf5 8. Ne1 Be6 9. d5 cxd5 10. cxd5 Bd7 11. Nd3 a5 12. e4 Na6 13. Bf4 Nb4 14. h3 Qc8 15. Kh2 Qc4 16. Nc1 Nh5 17. Bg5 f6 18. Be3 f5 19. a3 f4 20. gxf4 Na6 21. Nd3 Rf7 22. Rc1 Raf8 23. b3 Qc7 24. Ne2 Qd8 25. Ng3 Nxf4 26. Nxf4 Rxf4 27. Bxf4 Rxf4 28. Ne2 Rf8 29. f4 Nc5 30. Rb1 Bb5 31. b4 Na4 32. Rb3 axb4 33. axb4 Qc7 34. Qd2 Qb6 35. Rff3 Bh6 36. Nd4 Bc4 37. Ra3 Bb5 38. Ne6 Rc8 39. Bf1 Bd7 40. Ra1 Bxe6 41. Rxa4 Bd7 42. Ra2 Qc7 43. Bd3 Qb6 44. Bf1 Qc7 45. Kg3 Bg7 46. b5 Qc5 47. Qe3 Qb4 48. Qe2 Bd4 49. e5 Bf5 50. h4 dxe5 51. fxe5 Rc3 52. Bg2 Rc1 53. Rf4 Qc3+ 54. Qf3 Bxe5 55. Ra8+ Kg7 0-1

[Event "Yerevan op 2nd"]
[Site "Yerevan"]
[Date "2017.09.22"]
[Round "4"]
[White "Nalbandian, Tigran"]
[Black "Gabuzyan, Hovhannes"]
[Result "0-1"]
[WhiteElo "2455"]
[BlackElo "2573"]
[PlyCount "72"]
[EventDate "2017.09.19"]
[EventType "swiss"]
[EventRounds "9"]
[EventCountry "ARM"]
[SourceTitle "CBM 180 Extra"]
[Source "ChessBase"]
[SourceDate "2017.10.06"]
[SourceVersion "1"]
[SourceVersionDate "2017.10.06"]
[SourceQuality "1"]

1. Nf3 c5 2. g3 Nc6 3. Bg2 g6 4. c3 Bg7 5. d4 cxd4 6. cxd4 d5 7. Nc3 e6 8. 0-0 Nge7 9. e4 dxe4 10. Nxe4 0-0 11. Bg5 h6 12. Bf6 Bxf6 13. Nxf6+ Kg7 14. Ne4 Nf5 15. Rc1 Nfxd4 16. Rc4 Nxf3+ 17. Qxf3 e5 18. Nc5 Re8 19. Re1 Nd4 20. Qd5 Rb8 21. Rxd4 exd4 22. Rxe8 Qxe8 23. Ne4 f6 24. Qxd4 Qe5 25. Qxa7 Bf5 26. h4 Re8 27. Nc3 Re7 28. Qb6 Rd7 29. a4 g5 30. h5 Qe1+ 31. Kh2 Qe8 32. Bf3 g4 33. Be2 Re7 34. Qc5 Bd7 35. Qc4 Qxh5+ 36. Kg1 Bc6 0-1

[Event "Dortmund Sparkassen op-A 45th"]
[Site "Dortmund"]
[Date "2017.07.16"]
[Round "2"]
[White "Heinert, Eugen"]
[Black "Nalbandian, Tigran"]
[Result "0-1"]
[WhiteElo "2168"]
[BlackElo "2458"]
[PlyCount "92"]
[EventDate "2017.07.15"]
[EventType "swiss"]
[EventRounds "9"]
[EventCountry "GER"]
[SourceTitle "CBM 179 Extra"]
[Source "ChessBase"]
[SourceDate "2017.08.23"]
[SourceVersion "1"]
[SourceVersionDate "2017.08.23"]
[SourceQuality "1"]

1. d4 Nf6 2. c4 g6 3. Nf3 Bg7 4. g3 0-0 5. Bg2 d6 6. Nc3 c6 7. 0-0 Bf5 8. Qb3 Qb6 9. Qxb6 axb6 10. Nh4 Be6 11. b3 d5 12. cxd5 Nxd5 13. Nxd5 cxd5 14. Bb2 Rc8 15. e3 Na6 16. Rfc1 Rxc1+ 17. Bxc1 Nc5 18. Bb2 Nd3 19. Bc3 Rc8 20. Be1 Rc2 21. Bf3 Nxe1 22. Rxe1 g5 23. Bd1 Rxa2 24. Nf3 Bf6 25. Kg2 Bf5 26. Ng1 Ra1 27. Kf1 Rb1 28. f3 e6 29. g4 Bg6 30. Kf2 Be7 31. Ne2 Bb4 32. Rg1 Bd3 33. Ng3 Rb2+ 34. Ne2 Bd2 35. Ng3 b5 36. Be2 Bxe2 37. Kxe2 Ba5+ 38. Kf1 Rxb3 39. Kf2 Bd2 40. Ra1 Bxe3+ 41. Ke2 Kf8 42. Ra8+ Ke7 43. Rb8 Bxd4 44. Rxb7+ Kd6 45. Rxf7 b4 46. Rxh7 Re3+ 0-1

[Event "Dortmund Helmut Kohl"]
[Site "Dortmund"]
[Date "2014.07.19"]
[Round "8"]
[White "Kropp, Andreas Juergen"]
[Black "Nalbandian, Tigran"]
[Result "0-1"]
[WhiteElo "2058"]
[BlackElo "2449"]
[PlyCount "52"]
[EventDate "2014.07.12"]
[EventType "tourn"]
[EventRounds "9"]
[EventCountry "GER"]
[SourceTitle "CBM 161 Extra"]
[Source "ChessBase"]
[SourceDate "2014.08.29"]
[SourceVersion "1"]
[SourceVersionDate "2014.08.29"]
[SourceQuality "1"]

1. e4 c5 2. Bc4 d6 3. d3 Nf6 4. Bg5 e6 5. Nf3 Be7 6. 0-0 Nc6 7. Re1 0-0 8. e5 dxe5 9. Nxe5 Nxe5 10. Rxe5 Qd4 11. Qe1 h6 12. c3 Qd6 13. Bf4 Qc6 14. Re3 b5 15. Bb3 Bb7 16. Qf1 Rfd8 17. Rh3 Nd5 18. Bc1 Rd7 19. Bd1 Rad8 20. Bf3 Qc7 21. Na3 b4 22. Nc4 Bf6 23. Rb1 Ba6 24. cxb4 Nxb4 25. Be4 Bxc4 26. dxc4 Rd1 0-1

[Event "Dortmund Helmut Kohl"]
[Site "Dortmund"]
[Date "2014.07.14"]
[Round "3"]
[White "Nalbandian, Tigran"]
[Black "Webb, Laurence"]
[Result "1-0"]
[WhiteElo "2449"]
[BlackElo "2252"]
[PlyCount "141"]
[EventDate "2014.07.12"]
[EventType "tourn"]
[EventRounds "9"]
[EventCountry "GER"]
[SourceTitle "CBM 161 Extra"]
[Source "ChessBase"]
[SourceDate "2014.08.29"]
[SourceVersion "1"]
[SourceVersionDate "2014.08.29"]
[SourceQuality "1"]

1. Nf3 Nc6 2. g3 e5 3. d3 d5 4. Bg2 Nf6 5. 0-0 Be7 6. c4 dxc4 7. dxc4 Qxd1 8. Rxd1 Be6 9. b3 Rd8 10. Rxd8+ Bxd8 11. Bb2 Nd7 12. Nc3 f6 13. Rd1 a5 14. Nd2 Nc5 15. Nb5 Nb4 16. Ne4 Nxe4 17. Bxe4 b6 18. a4 Bd7 19. Ba3 g6 20. Bxb4 axb4 21. Na7 Be7 22. Bc6 Bd6 23. Rd5 Ke7 24. Bxd7 Kxd7 25. Nb5 Kc6 26. Nxd6 cxd6 27. Rb5 Rd8 28. Rxb4 d5 29. cxd5+ Rxd5 30. Rc4+ Rc5 31. Rb4 Rc2 32. Kf1 f5 33. f3 Rc1+ 34. Kf2 Rc2 35. Rb5 Rc5 36. Rb4 Rc3 37. Ke1 Rc2 38. Rb5 e4 39. fxe4 fxe4 40. Re5 Rb2 41. Rxe4 Rxb3 42. Kf2 Ra3 43. h4 Kd5 44. Rf4 Ke5 45. Rb4 Kf5 46. Rb5+ Kg4 47. Rg5+ Kh3 48. h5 Rxa4 49. hxg6 hxg6 50. Rxg6 b5 51. Kf3 Kh2 52. Rh6+ Kg1 53. Rb6 Rb4 54. g4 Rb3+ 55. e3 Rb1 56. g5 Kh2 57. Rh6+ Kg1 58. Rb6 Kh2 59. g6 Rg1 60. Rxb5 Rxg6 61. Rh5+ Kg1 62. e4 Rg2 63. e5 Rf2+ 64. Ke4 Kg2 65. e6 Re2+ 66. Kd5 Rd2+ 67. Kc6 Kf3 68. e7 Re2 69. Kd7 Rd2+ 70. Ke6 Kg4 71. Re5 1-0

[Event "Dortmund Helmut Kohl"]
[Site "Dortmund"]
[Date "2014.07.13"]
[Round "2"]
[White "Zaitsev, Mikhail"]
[Black "Nalbandian, Tigran"]
[Result "1/2-1/2"]
[WhiteElo "2479"]
[BlackElo "2449"]
[PlyCount "29"]
[EventDate "2014.07.12"]
[EventType "tourn"]
[EventRounds "9"]
[EventCountry "GER"]
[SourceTitle "CBM 161 Extra"]
[Source "ChessBase"]
[SourceDate "2014.08.29"]
[SourceVersion "1"]
[SourceVersionDate "2014.08.29"]
[SourceQuality "1"]

1. e4 c5 2. c3 d6 3. d4 Nf6 4. Bd3 g6 5. Nf3 Bg7 6. 0-0 0-0 7. Re1 cxd4 8. cxd4 Nc6 9. h3 e5 10. dxe5 dxe5 11. Nc3 Be6 12. Ng5 Bd7 13. Nf3 Be6 14. Ng5 Bd7 15. Nf3 1/2-1/2

[Event "Dortmund Helmut Kohl"]
[Site "Dortmund"]
[Date "2013.07.30"]
[Round "4"]
[White "Bok, Benjamin"]
[Black "Nalbandian, Tigran"]
[Result "1-0"]
[WhiteElo "2532"]
[BlackElo "2434"]
[PlyCount "81"]
[EventDate "2013.07.27"]
[EventType "tourn"]
[EventRounds "9"]
[EventCountry "GER"]
[EventCategory "9"]
[SourceTitle "CBM 155 Extra"]
[Source "ChessBase"]
[SourceDate "2013.08.26"]
[SourceVersion "1"]
[SourceVersionDate "2013.08.26"]
[SourceQuality "1"]

1. e4 c5 2. Nf3 Nc6 3. Bb5 g6 4. Bxc6 dxc6 5. d3 Bg7 6. h3 Nf6 7. Nc3 0-0 8. Be3 b6 9. Qd2 e5 10. Bh6 Qd6 11. Nh2 Re8 12. Bxg7 Kxg7 13. Ng4 Ng8 14. 0-0-0 Be6 15. g3 Rad8 16. f4 f6 17. f5 gxf5 18. exf5 Bxf5 19. Rdf1 Bg6 20. h4 h5 21. Ne3 e4 22. g4 exd3 23. gxh5 dxc2 24. Qg2 Rxe3 25. Qxg6+ Kh8 26. Qxc2 Qe5 27. Kb1 Qxh5 28. Ka1 Rd4 29. Qg2 Rg4 30. Qxc6 Qe5 31. Rc1 Rgg3 32. Qb5 Rh3 33. Rhg1 Rxh4 34. Qd7 Qe7 35. Qd5 Qh7 36. Qd8 Reh3 37. Nd5 Rd4 38. Qa8 Rhd3 39. Nxf6 Rd8 40. Rxg8+ Rxg8 41. Nxg8 1-0

[Event "Dortmund Helmut Kohl"]
[Site "Dortmund"]
[Date "2013.07.29"]
[Round "3"]
[White "Nalbandian, Tigran"]
[Black "Wagner, Dennis"]
[Result "1/2-1/2"]
[WhiteElo "2434"]
[BlackElo "2465"]
[PlyCount "100"]
[EventDate "2013.07.27"]
[EventType "tourn"]
[EventRounds "9"]
[EventCountry "GER"]
[EventCategory "9"]
[SourceTitle "CBM 155 Extra"]
[Source "ChessBase"]
[SourceDate "2013.08.26"]
[SourceVersion "1"]
[SourceVersionDate "2013.08.26"]
[SourceQuality "1"]

1. d4 Nf6 2. Bg5 d5 3. Bxf6 exf6 4. e3 Bd6 5. g3 0-0 6. Bg2 c6 7. Ne2 f5 8. 0-0 Nd7 9. b3 Nf6 10. c4 Be6 11. Qd3 g6 12. Nbc3 Qd7 13. cxd5 Nxd5 14. Nxd5 Bxd5 15. Nc3 Bxg2 16. Kxg2 Rad8 17. Rfd1 Rfe8 18. Rac1 h5 19. h4 Re7 20. Ne2 Bb8 21. Nf4 Re4 22. Nh3 Qd5 23. Rc5 Rxd4+ 24. Rxd5 R4xd5 25. Qc3 Rxd1 26. Ng5 R1d6 27. e4 fxe4 28. Nxe4 Rd4 29. Qa5 b5 30. Ng5 R4d5 31. Ne4 Rd4 32. f3 Rd1 33. Qc3 R8d4 34. Qxc6 Bd6 35. Qxb5 Rc1 36. Nf6+ Kg7 37. Nxh5+ Kf8 38. Nf6 Rdd1 39. Kh3 Rg1 40. f4 Rce1 41. Qd5 Be7 42. Nd7+ Ke8 43. Ne5 Rh1+ 44. Kg2 Reg1+ 45. Kf2 Rf1+ 46. Kg2 Rfg1+ 47. Kf3 Rf1+ 48. Ke2 Re1+ 49. Kf2 Ref1+ 50. Kg2 Rfg1+ 1/2-1/2

[Event "Dortmund Helmut Kohl"]
[Site "Dortmund"]
[Date "2013.07.27"]
[Round "8"]
[White "Nalbandian, Tigran"]
[Black "Bluebaum, Matthias"]
[Result "1/2-1/2"]
[WhiteElo "2434"]
[BlackElo "2513"]
[PlyCount "119"]
[EventDate "2013.07.27"]
[EventType "tourn"]
[EventRounds "9"]
[EventCountry "GER"]
[EventCategory "9"]
[SourceTitle "CBM 155 Extra"]
[Source "ChessBase"]
[SourceDate "2013.08.26"]
[SourceVersion "1"]
[SourceVersionDate "2013.08.26"]
[SourceQuality "1"]

1. Nf3 d5 2. g3 Bg4 3. Bg2 Nd7 4. 0-0 Ngf6 5. d3 c6 6. Qe1 e5 7. e4 dxe4 8. dxe4 Be7 9. Nbd2 0-0 10. Nc4 Qc7 11. Ne3 Bh5 12. Nf5 Nc5 13. Nxe7+ Qxe7 14. Nh4 Ne6 15. f3 Rfd8 16. Be3 Qc7 17. Bh3 Qe7 18. Nf5 Qc7 19. Qb4 Kh8 20. a4 Bg6 21. c3 Rd3 22. Rfe1 Bh5 23. Bf1 Rd7 24. Be2 Bg6 25. Nh4 a5 26. Qb3 Rd6 27. Rad1 Rxd1 28. Rxd1 Nd7 29. Rd2 Ndc5 30. Qd1 Bh5 31. Nf5 h6 32. Kg2 Bg6 33. h4 b6 34. Nd6 f6 35. Bc4 Qe7 36. b3 Kh7 37. Bxe6 Qxe6 38. Bxc5 bxc5 39. Nc4 Qg8 40. Ne3 Rb8 41. c4 Qc8 42. Rd3 Qb7 43. Ng4 Be8 44. Rd8 Rxd8 45. Qxd8 Bh5 46. Nxf6+ gxf6 47. g4 Qg7 48. Kh3 Bf7 49. h5 Qg5 50. Qf8 Bxh5 51. Qe7+ Qg7 52. Qxg7+ Kxg7 53. gxh5 Kf7 54. Kg4 Ke6 55. f4 f5+ 56. exf5+ Kf6 57. fxe5+ Kxe5 58. f6 Kxf6 59. Kf4 Ke6 60. Ke4 1/2-1/2

[Event "Dortmund Sparkassen op-A"]
[Site "Dortmund"]
[Date "2010.07.24"]
[Round "8"]
[White "Nalbandian, Tigran"]
[Black "Bluebaum, Matthias"]
[Result "1/2-1/2"]
[WhiteElo "2453"]
[BlackElo "2098"]
[PlyCount "107"]
[EventDate "2010.07.17"]
[EventType "swiss"]
[EventRounds "9"]
[EventCountry "GER"]
[SourceTitle "CBM 137 Extra"]
[Source "ChessBase"]
[SourceDate "2010.09.01"]
[SourceVersion "1"]
[SourceVersionDate "2010.09.01"]
[SourceQuality "1"]

1. Nf3 Nf6 2. g3 d5 3. Bg2 c6 4. 0-0 Bg4 5. d3 Nbd7 6. Nbd2 e5 7. e4 Bd6 8. h3 Bh5 9. Qe1 0-0 10. Nh4 Re8 11. Nf5 Bf8 12. Nb3 Qc7 13. Bg5 h6 14. Be3 Rad8 15. c4 dxc4 16. dxc4 c5 17. Qc3 Bg6 18. Rae1 b6 19. Bc1 Nb8 20. Qf3 Qc6 21. g4 Qe6 22. h4 h5 23. gxh5 Nxh5 24. Bh3 Qxc4 25. Bg4 Nf6 26. Bg5 Rd3 27. Re3 Rxe3 28. Nxe3 Qxe4 29. Bxf6 Qxf3 30. Bxf3 gxf6 31. Rd1 Be7 32. h5 Bh7 33. Kh2 f5 34. Nd2 e4 35. Be2 Nc6 36. Bb5 Rc8 37. Bxc6 Rxc6 38. Ndc4 Rh6 39. Rd7 Rxh5+ 40. Kg2 Bf6 41. Nd5 Bd4 42. f4 Rh4 43. Rxa7 Bg6 44. Nd6 Rg4+ 45. Kh3 Rg1 46. Ne7+ Kg7 47. Nxg6 Kxg6 48. Rxf7 e3 49. Re7 Kf6 50. Re8 Rg4 51. Nc4 Rxf4 52. Nxb6 Re4 53. Nd5+ Kf7 54. Rxe4 1/2-1/2

[Event "Dortmund op"]
[Site "Dortmund"]
[Date "2009.07.08"]
[Round "5"]
[White "Kaiser, Richard"]
[Black "Nalbandian, Tigran"]
[Result "0-1"]
[WhiteElo "2134"]
[BlackElo "2444"]
[PlyCount "70"]
[EventDate "2009.07.04"]
[EventType "swiss"]
[EventRounds "9"]
[EventCountry "GER"]
[SourceTitle "CBM 131 Extra"]
[Source "ChessBase"]
[SourceDate "2009.09.03"]
[SourceVersion "2"]
[SourceVersionDate "2009.09.16"]
[SourceQuality "1"]

1. e4 c5 2. a3 g6 3. h4 d5 4. exd5 Nf6 5. Nc3 Bg7 6. h5 0-0 7. hxg6 hxg6 8. Bc4 Nbd7 9. d3 Nb6 10. Bh6 Bxh6 11. Rxh6 e6 12. Qd2 exd5 13. Ba2 Kg7 14. 0-0-0 Rh8 15. Rxh8 Qxh8 16. Nge2 Bd7 17. f3 Qh6 18. Nf4 d4 19. Nce2 Re8 20. Kb1 g5 21. Nh3 Bxh3 22. gxh3 Re3 23. c3 Qxh3 24. cxd4 Qxf3 25. Ng1 Qg4 26. dxc5 Nbd5 27. d4 Ne4 28. Qc1 Ndc3+ 29. bxc3 Rxc3 30. d5 Rxc1+ 31. Kxc1 Nc3 32. Rd2 Qxg1+ 33. Kb2 Nxa2 34. Kxa2 Qxc5 35. d6 Qc3 0-1

[Event "Dortmund op"]
[Site "Dortmund"]
[Date "2009.07.06"]
[Round "3"]
[White "Karger, Frank"]
[Black "Nalbandian, Tigran"]
[Result "0-1"]
[WhiteElo "2253"]
[BlackElo "2444"]
[PlyCount "62"]
[EventDate "2009.07.04"]
[EventType "swiss"]
[EventRounds "9"]
[EventCountry "GER"]
[SourceTitle "CBM 131 Extra"]
[Source "ChessBase"]
[SourceDate "2009.09.03"]
[SourceVersion "2"]
[SourceVersionDate "2009.09.16"]
[SourceQuality "1"]

1. b3 Nf6 2. Bb2 g6 3. Bxf6 exf6 4. c4 f5 5. Nc3 Bg7 6. Rc1 0-0 7. g3 c6 8. Bg2 Re8 9. e3 d6 10. Nge2 Nd7 11. 0-0 Nf6 12. d3 h5 13. b4 a6 14. a4 Bd7 15. b5 Ng4 16. h3 Nf6 17. Nd4 Rc8 18. bxc6 bxc6 19. c5 h4 20. gxh4 dxc5 21. Nb3 f4 22. exf4 Nh5 23. Qf3 Qxh4 24. Nxc5 Bf5 25. Ne2 Rxe2 26. Qxe2 Nxf4 27. Qf3 Bxh3 28. Bxh3 Nxh3+ 29. Kg2 Nf4+ 30. Kg1 Qg5+ 31. Kh1 Be5 0-1

[Event "Cappelle op 25th"]
[Site "Cappelle la Grande"]
[Date "2009.03.02"]
[Round "3"]
[White "Makropoulou, Marina"]
[Black "Nalbandian, Tigran"]
[Result "0-1"]
[WhiteElo "2262"]
[BlackElo "2471"]
[PlyCount "64"]
[EventDate "2009.02.28"]
[EventType "swiss"]
[EventRounds "9"]
[EventCountry "FRA"]
[SourceTitle "CBM 129 Extra"]
[Source "ChessBase"]
[SourceDate "2009.05.05"]
[SourceVersion "2"]
[SourceVersionDate "2009.05.20"]
[SourceQuality "1"]

1. e4 Nf6 2. e5 Nd5 3. d4 d6 4. c4 Nb6 5. exd6 exd6 6. Nc3 Nc6 7. h3 Bf5 8. Be3 Be7 9. Nf3 0-0 10. Rc1 Bf6 11. b3 Re8 12. Be2 d5 13. c5 Nc8 14. 0-0 h6 15. Re1 N8e7 16. a3 Be4 17. g4 Ng6 18. b4 a6 19. Qd2 Qd7 20. Rcd1 Rad8 21. Nh2 Nh4 22. a4 Bg2 23. b5 axb5 24. axb5 Na5 25. Bxh6 Nb3 26. Qf4 Be4 27. Nxe4 Rxe4 28. Qg3 Nxd4 29. Rxd4 Bxd4 30. Qxh4 gxh6 31. Nf3 Bg7 32. Nd2 Qe7 0-1

[Event "ARM-ch"]
[Site "Yerevan"]
[Date "2009.01.20"]
[Round "8"]
[White "Pashikian, Arman"]
[Black "Nalbandian, Tigran"]
[Result "1-0"]
[WhiteElo "2621"]
[BlackElo "2471"]
[PlyCount "81"]
[EventDate "2009.01.12"]
[EventType "tourn"]
[EventRounds "13"]
[EventCountry "ARM"]
[EventCategory "12"]
[SourceTitle "CBM 129"]
[Source "ChessBase"]
[SourceDate "2009.03.25"]
[SourceVersion "1"]
[SourceVersionDate "2009.03.25"]
[SourceQuality "1"]

1. d4 e6 2. Nf3 f5 3. g3 b5 4. Qd3 b4 5. a3 Nf6 6. Bg5 Ba6 7. Qb3 bxa3 8. Nxa3 Nc6 9. Qa4 Qc8 10. Bxf6 Rb8 11. Bxg7 Bxg7 12. c3 Rxb2 13. e3 Bxf1 14. Kxf1 Qb7 15. Kg2 f4 16. exf4 Nxd4 17. cxd4 Rb3 18. Rhd1 Qxf3+ 19. Kg1 Rb2 20. Rf1 Rd2 21. Nb5 0-0 22. Qxa7 c6 23. Ra3 Qg4 24. Qa5 Rb2 25. Nd6 Bxd4 26. Rd3 e5 27. Qa3 Qe2 28. Rxd4 exd4 29. Qc5 d3 30. Qg5+ Kh8 31. Nf5 Rxf5 32. Qxf5 Kg8 33. Qxd7 d2 34. f5 Qe5 35. Qxc6 Qxf5 36. Qc4+ Kf8 37. Qd4 Qc2 38. Qd6+ Kf7 39. Qd5+ Ke7 40. Kg2 Rb6 41. Ra1 1-0

[Event "ARM-ch"]
[Site "Yerevan"]
[Date "2009.01.14"]
[Round "3"]
[White "Danielian, Elina"]
[Black "Nalbandian, Tigran"]
[Result "1/2-1/2"]
[WhiteElo "2496"]
[BlackElo "2471"]
[PlyCount "25"]
[EventDate "2009.01.12"]
[EventType "tourn"]
[EventRounds "13"]
[EventCountry "ARM"]
[EventCategory "12"]
[SourceTitle "CBM 129"]
[Source "ChessBase"]
[SourceDate "2009.03.25"]
[SourceVersion "1"]
[SourceVersionDate "2009.03.25"]
[SourceQuality "1"]

1. Nf3 d5 2. g3 Nf6 3. Bg2 c6 4. 0-0 Bg4 5. d3 e6 6. Nbd2 Be7 7. h3 Bxf3 8. Nxf3 0-0 9. c4 Nbd7 10. Be3 dxc4 11. dxc4 Bc5 12. Bxc5 Nxc5 13. b4 1/2-1/2

[Event "Kavala op 17th"]
[Site "Kavala"]
[Date "2008.08.04"]
[Round "6"]
[White "Bosiocic, Marin"]
[Black "Nalbandian, Tigran"]
[Result "1/2-1/2"]
[WhiteElo "2540"]
[BlackElo "2476"]
[PlyCount "69"]
[EventDate "2008.07.31"]
[EventType "swiss"]
[EventRounds "9"]
[EventCountry "GRE"]
[SourceTitle "CBM 125 Extra"]
[Source "ChessBase"]
[SourceDate "2008.09.01"]
[SourceVersion "1"]
[SourceVersionDate "2008.09.01"]
[SourceQuality "1"]

1. e4 Nf6 2. e5 Nd5 3. d4 d6 4. Nf3 Nb6 5. a4 a5 6. Nc3 dxe5 7. Nxe5 N8d7 8. Nf3 g6 9. Be2 Bg7 10. 0-0 0-0 11. Bg5 Nf6 12. h3 c6 13. Re1 Re8 14. Qd2 Bf5 15. Rad1 Ne4 16. Nxe4 Bxe4 17. b3 Nd5 18. Nh2 Qd6 19. Ng4 Qb4 20. Bc4 Bf5 21. Nh6+ Kf8 22. Qc1 Nc3 23. Nxf5 gxf5 24. Rd3 Ne4 25. Rxe4 fxe4 26. Qf4 Qxc4 27. bxc4 exd3 28. cxd3 b5 29. Qf5 h6 30. Bf4 b4 31. Qh7 f6 32. Bxh6 Bxh6 33. Qxh6+ Kf7 34. Qh5+ Kg7 35. Qg4+ 1/2-1/2

[Event "Cappelle op 24th"]
[Site "Cappelle la Grande"]
[Date "2008.02.17"]
[Round "2"]
[White "Gashimov, Vugar"]
[Black "Nalbandian, Tigran"]
[Result "1-0"]
[WhiteElo "2665"]
[BlackElo "2505"]
[PlyCount "93"]
[EventDate "2008.02.16"]
[EventType "swiss"]
[EventRounds "9"]
[EventCountry "FRA"]
[SourceTitle "CBM 122 Extra"]
[Source "ChessBase"]
[SourceDate "2008.03.04"]
[SourceVersion "1"]
[SourceVersionDate "2008.03.04"]
[SourceQuality "1"]

1. e4 e6 2. d4 d5 3. Nc3 dxe4 4. Nxe4 Nd7 5. Nf3 Ngf6 6. Bg5 h6 7. Bh4 c5 8. Nxf6+ Nxf6 9. Bb5+ Bd7 10. Bxd7+ Qxd7 11. Qe2 cxd4 12. 0-0-0 Bc5 13. Nxd4 Bxd4 14. Bxf6 gxf6 15. c3 Rc8 16. Kb1 Qd5 17. Rxd4 Qxg2 18. Rhd1 Rg8 19. Qb5+ Qc6 20. Qd3 f5 21. Qd2 h5 22. Qh6 Qc7 23. Qxh5 Qe7 24. Qh7 Qg5 25. Rd7 Qg6 26. Qh4 f4+ 27. Ka1 Qg5 28. Qh3 Qb5 29. Qh7 Rf8 30. Rxf7 Rxf7 31. Qg8+ Ke7 32. Qxc8 e5 33. h4 Qc6 34. Qg8 e4 35. Qd8+ Ke6 36. Rg1 Qd7 37. Rg6+ Kd5 38. Qa5+ Kc4 39. Qb4+ Kd3 40. Rd6+ Qxd6 41. Qxd6+ Ke2 42. Qd5 Kxf2 43. Qxe4 f3 44. h5 Rf8 45. h6 Kg1 46. h7 f2 47. Qg6+ 1-0

[Event "ARM-ch 68th"]
[Site "Yerevan"]
[Date "2008.01.21"]
[Round "13"]
[White "Nalbandian, Tigran"]
[Black "Asrian, Karen"]
[Result "1/2-1/2"]
[WhiteElo "2505"]
[BlackElo "2621"]
[PlyCount "20"]
[EventDate "2008.01.08"]
[EventType "tourn"]
[EventRounds "13"]
[EventCountry "ARM"]
[EventCategory "12"]
[SourceTitle "CBM 122"]
[Source "ChessBase"]
[SourceDate "2008.01.30"]
[SourceVersion "1"]
[SourceVersionDate "2008.01.30"]
[SourceQuality "1"]

1. Nf3 d5 2. d4 c6 3. Bf4 Nf6 4. e3 Bf5 5. Nbd2 Nbd7 6. c3 e6 7. h3 h6 8. Be2 Be7 9. 0-0 0-0 10. Qb3 Qb6 1/2-1/2